Premier League Managers 23/24 - Statistics

General Stats
  • This quiz has been taken 56 times
  • The average score is 15 of 20
Answer Stats
Club Manager % Correct
Arsenal Mikel Arteta
100%
Liverpool Jurgen Klopp
96%
Man City Pep Guardiola
94%
Man United Erik Ten Hag
92%
Newcastle Eddie Howe
87%
Aston Villa Unai Emery
85%
Chelsea Mauricio Pochettino
83%
West Ham David Moyes
81%
Everton Sean Dyche
81%
Brighton Roberto De Zerbi
79%
Crystal Palace Roy Hodgson
77%
Burnley Vincent Kompany
77%
Fulham Marco Silva
73%
Brentford Thomas Frank
71%
Nottingham Forest Steve Cooper
67%
Tottenham Ange Postecoglou
65%
Wolves Gary O'Neil
56%
Bournemouth Andoni Iraola
48%
Sheffield United Paul Heckingbottom
48%
Luton Rob Edwards
46%
No matching quizzes found
Score Distribution
Percent of People with Each Score
Percentile by Number Answered
Your Score History
You have not taken this quiz